000 00769nam a22001815i 4500
001 158885
003 ES-MaACL
005 20230906211348.0
008 981215m1864 sp |||| | spa d
040 _aCCPB | B
_bspa
_cCCPB | B
080 _a821.134.2-31"18"
100 0 _aMartín, Melitón.
_977355
245 1 0 _aPónos
_b: cuento, fábula ó historia para los hombres chiquitos llamados niños, y que esos niños grandes que se creen hombres, podrán leer con algún aprovechamiento /
_cpor Melitón Martín.
260 _aMadrid :
_b[s.n.],
_c1864 (
_fImprenta de Segundo Martinez)
300 _a4 v. ;
_c21 cm.
597 _aParte I (XI, 302 p.) -- Parte II (295 p.) -- Parte III (296 p.) -- Parte IV (311 p.)
852 _aES-MaACL
_jF-13519-22
_z-- Enc. hol.
999 _c158885
_d158885